UM Logo

Preschool on the prairie : (Record no. 22372)

MARC details
000 -LEADER
fixed length control field 00403nam a22001097a 4500
005 - DATE AND TIME OF LATEST TRANSACTION
control field 20241009132900.0
008 - FIXED-LENGTH DATA ELEMENTS--GENERAL INFORMATION
fixed length control field 241009b |||||||| |||| 00| 0 eng d
245 ## - TITLE STATEMENT
Title Preschool on the prairie :
Remainder of title new initiative focuses on nourishing children through nature /
260 ## - PUBLICATION, DISTRIBUTION, ETC. (IMPRINT)
Place of publication, distribution, etc. Washington;
Name of publisher, distributor, etc. Taylor & Francis Group,
Date of publication, distribution, etc. January-February 2020.
300 ## - PHYSICAL DESCRIPTION
Extent Volume 96, pages 12,
Other physical details illustration.
942 ## - ADDED ENTRY ELEMENTS (KOHA)
Source of classification or shelving scheme Dewey Decimal Classification
Koha item type Periodicals
Holdings
Withdrawn status Lost status Source of classification or shelving scheme Damaged status Not for loan Collection code Home library Current library Date acquired Total Checkouts Date last seen Price effective from Koha item type Public note
    Dewey Decimal Classification     Periodicals UM Digos College - LIC UM Digos College - LIC 10/09/2024   10/09/2024 10/09/2024 Periodicals Periodical Article